| 000 | 00381 a2200133 4500 | ||
|---|---|---|---|
| 003 | Nust | ||
| 005 | 20170207154426.0 | ||
| 040 | _cNust | ||
| 082 | _a799 | ||
| 245 |
_aTree Plantation in MCS (Photo Album Vol No. 1, 2001) _cMCS |
||
| 260 |
_aRawalpindi _bMCS _c07-09-2001 |
||
| 650 | _a Pictures of Tree Plantation in MCS,(Photo Album Vol No. 1, 2001,CD-NO-6) | ||
| 651 | _a Sweet Memories-MCS | ||
| 942 | _cBK | ||
| 999 |
_c197546 _d197546 |
||